Futbolistas mejor valorados en EA Sports FC - Estadísticas

Estadísticas generales
  • Esta prueba ha sido intentada 12.761 veces
    4.235 desde el último reinicio
  • La puntuación promedio es 17 de 29
Estadísticas de respuestas
Año(s) Futbolista % Correcto
2023, 2024, 2025, 2026 Kylian Mbappé
99%
2023, 2024 Lionel Messi
96%
2023 Cristiano Ronaldo
94%
2024, 2025, 2026 Erling Haaland
88%
2026 Lamine Yamal
88%
2025, 2026 Vinícius Júnior
86%
2026 Ousmane Dembélé
76%
2026 Pedri
73%
2023, 2024, 2025, 2026 Thibaut Courtois
72%
2025, 2026 Rodri
69%
2023, 2025, 2026 Mohamed Salah
66%
2025, 2026 Jude Bellingham
65%
2023, 2024 Robert Lewandowski
62%
2023, 2024, 2025 Kevin De Bruyne
61%
2024, 2025, 2026 Harry Kane
57%
2026 Raphinha
56%
2023, 2025, 2026 Virgil Van Dijk
53%
2023, 2024 Karim Benzema
50%
2026 Vitinha
46%
2025, 2026 G. Donnarumma
44%
2025 Marc-André ter Stegen
40%
2025, 2026 Alisson Becker
39%
2026 Federico Valverde
37%
2023 Manuel Neuer
37%
2026 Achraf Hakimi
30%
2025 Lautaro Martínez
27%
2026 Florian Wirtz
25%
2026 Joshua Kimmich
18%
2025 Martin Ødegaard
13%
No se encontraron pruebas coincidentes
Distribución de puntuación
Porcentaje de gente con cada puntuación
Porcentaje por número respondido
Historial de tus puntuaciones
No has intentado esta prueba desde el último reinicio